Ageing in Zambian cities (Record no. 5286)

MARC details
000 -LEADER
fixed length control field 00637nam a22002057a 4500
003 - CONTROL NUMBER IDENTIFIER
control field OSt
005 - DATE AND TIME OF LATEST TRANSACTION
control field 20250624114551.0
008 - FIXED-LENGTH DATA ELEMENTS--GENERAL INFORMATION
fixed length control field 250624b |||||||| |||| 00| 0 eng d
020 ## - INTERNATIONAL STANDARD BOOK NUMBER
International Standard Book Number 99911-31-42-6
041 ## - LANGUAGE CODE
Language code of text/sound track or separate title English
082 ## - DEWEY DECIMAL CLASSIFICATION NUMBER
Classification number 305.2-SC Acc No. 10,604
100 ## - MAIN ENTRY--PERSONAL NAME
Personal name SCHLYTER, Ann
245 ## - TITLE STATEMENT
Title Ageing in Zambian cities
260 ## - PUBLICATION, DISTRIBUTION, ETC.
Place of publication, distribution, etc. Roma:
Name of publisher, distributor, etc. Institute of Southern African Studies,
Date of publication, distribution, etc. 2006.
300 ## - PHYSICAL DESCRIPTION
Extent viii, 62p.,
490 ## - SERIES STATEMENT
Series statement Gender research on urbanization, planning, housing and everyday life (GRUPHEL IV ) research report No. 7
500 ## - GENERAL NOTE
General note includes refs.,
653 ## - INDEX TERM--UNCONTROLLED
Uncontrolled term Ageing in Zambian Cities
942 ## - ADDED ENTRY ELEMENTS (KOHA)
Source of classification or shelving scheme Dewey Decimal Classification
Koha item type Books
Suppress in OPAC No
Holdings
Withdrawn status Lost status Source of classification or shelving scheme Damaged status Not for loan Home library Current library Shelving location Date acquired Total checkouts Full call number Date last seen Copy number Price effective from Koha item type
    Dewey Decimal Classification     Main Library Main Library Open Shelves 24/06/2025   305.2-SC Acc No. 10,604 24/06/2025 C1 24/06/2025 Books
©2026  Parliament of Ghana Library - All rights reserved